=LDR 00000nam 2200000 4500 =001 INLIS000000000003206 =005 20250224084043 =035 ##$$a 0010-0225000496 =007 ta =008 250224###########################0#ind## =020 ##$$a - =082 ##$$a 304.66 =084 ##$$a 304.66 BAD h =245 1#$$a Hasil Penilaian Multi Indikator Pelaksanaan Gerakan KB Nasional Semester II Tahun 1995/96 : $b - /$c Badan Kependudukan dan Keluarga Berencana Nasional (Penulis) =250 ##$$a - =260 ##$$a Jakarta :$b Badan Kependudukan dan Keluarga Berencana Nasional,$c 1996 =300 ##$$a 71 hlm : $b - ; $c -$e - =650 #4$$a Keluarga Berencana =110 #$$a Badan Kependudukan dan Keluarga Berencana Nasional =520 ##$$a - =856 ##$$a Perpustakaan BKKBN Pusat